000 00626nam a2200193 a 4500
001 000038622
005 20241130074013.0
008 130416s2006 dr a r 000 0 spa d
020 _a9945405195
040 _aDO-SdBNP
_bspa
_cBNPHU
082 _aRD862.44
_bP438v
100 1 _aPérez, Odalís
_d1952-
_923828
245 1 0 _aTerritorios :
_bverdaderas historias /
_cOdalis G. Pérez.
260 _aSanto Domingo :
_bManatí,
_c2006.
300 _a225 p. :
_bil. ;
_c22 cm.
500 _aIncluye datos biográficos del autor en la contracubierta
590 _aInventariado, 2019/DG
910 _aValidado. Control de calidad. MFF
999 _c38112
_d38112